| 000 | 01027nam a2200313Ia 4500 | ||
|---|---|---|---|
| 001 | Para_2291 | ||
| 003 | CHAP | ||
| 008 | 220125s1986 xx 000 0 und d | ||
| 010 | _a200874 | ||
| 040 | _cCHAP | ||
| 082 | _aPA 635.93362 C6 | ||
| 100 |
_aCoyier, Duane L., ed. _9165721 |
||
| 245 |
_aCompendium of rhododendron and azalea diseases / _c ed. by Duane L. Coyier and Martha K. Roane |
||
| 260 |
_aMinnesota : _b Aps press. The American Phytopathological Society |
||
| 300 | _a65 p. | ||
| 440 |
_aSer. The diseases Compendium Series of the American Phytopathological Society _9165722 |
||
| 650 |
_aAzalea _x enfermedades _9165723 |
||
| 650 |
_aAzalea _x plagas _9165724 |
||
| 650 |
_aRhododendron _x enfermedades _9165725 |
||
| 650 |
_aRhododendron _x plagas _9165726 |
||
| 700 |
_aRoane, Martha K. _9165727 |
||
| 901 | _aPA 635.93362 C6 | ||
| 902 | _aA | ||
| 905 | _a0000001986 a 0000000000 00 | ||
| 910 | _a1986 | ||
| 942 | _cPARA | ||
| 942 |
_cPARA _d1 |
||
| 999 |
_c200874 _d200874 |
||